000 00223nam a22000857a 4500
008 160829b xxu||||| |||| 00| 0 eng d
100 _9261
_aDhiren M. Doshi
245 _aScience-VI
260 _aNew Delhi
_bCordova publication
_c2016
999 _c2919
_d2919